Meranie efektívnosti environmentálnych projektov financovaných z verejných zdrojov

Salvato in:
Dettagli Bibliografici
Autore principale: Romančíková, Eva
Natura: Capitolo di libro
Lingua:slovacco
Tags: Aggiungi Tag
Nessun Tag, puoi essere il primo ad aggiungerne!!

MARC

LEADER 00000nla$a2200000$$$4500
001 0087011
005 20220524132013.3
041 0 |a slo 
044 |a CZ 
245 1 0 |a Meranie efektívnosti environmentálnych projektov financovaných z verejných zdrojov  |c Eva Romančíková 
100 1 |a Romančíková, Eva